=LDR 00000nam 2200000 4500 =001 INLIS000000000035387 =990 ##$$a 21111266 =005 20200227065322 =990 ##$$a 21111265 =035 ##$$a 0010-061300000035387 =990 ##$$a 21111267 =008 200227################g##########0#ind## =990 ##$$a 21011912 =041 ##$$a ind =990 ##$$a 211112666 =082 ##$$a 158.1 =990 ##$$a 21011910 =090 ##$$a 158.1, Ant r =990 ##$$a 21011909 =245 1#$$a Resep lanjutan untuk mencapai keberhasilan total : $b Untuk orang berpikiran sukses yang ingin lebih dari sekedar berpikir positif /$c Dr. Robert Anthony; alih bahasa, Rita Wiryadi, S.S. ; editor, Yuni Prihantini, S.S. =260 ##$$a Tangerang :$b Binarupa Aksara,$c 2011 =300 ##$$a 312 hlm. ; $c 21 X 13 cm. =650 #4$$a Sukses - Aspek Psikologi =850 ##$$a NBPNMAT =084 ##$$a 158.1 ANT r =100 1#$$a Anthony, Robert =700 #$$a Wiryadi, Rita =700 #$$a Prihantini,Yuni =020 ##$$a 978-979-583-826-5 =250 ##$$a cet.1 =990 ##$$a 21111265 =990 ##$$a 21111267 =990 ##$$a 21111266 =990 ##$$a 21011912 =990 ##$$a 211112666 =990 ##$$a 21011910 =990 ##$$a 21011909 =990 ##$$a 21111265 =990 ##$$a 21111267 =990 ##$$a 21111266 =990 ##$$a 21011912 =990 ##$$a 211112666 =990 ##$$a 21011910 =990 ##$$a 21011909